Deadliest Dictators of the 20th Century - Statistics

General Stats
  • This quiz has been taken 11 times
  • The average score is 7 of 10
Answer Stats
Death Toll Region Dictator % Correct
17,674,790 Nazi Europe Adolf Hitler
100%
1,576,388 North Korea Kim Il sung
100%
47,263,517 China Mao Zedong
100%
13,038,405 Soviet Union Joseph Stalin
90%
2,039,657 Kampuchea Pol Pot
90%
9,317,081 In and around East and South East Asia, Oceania and the Pacific Emperor Hirohito | Hideki Tojo
70%
1,161,895 Russian Empire Nicholas II
70%
10,488,090 Congo Free State King Leopold II
60%
2,511,124 China Chiang Kai-shek
50%
1,989,284 Ottoman Empire Ismail Enver Pasha
10%
No matching quizzes found
Score Distribution
Percent of People with Each Score
Percentile by Number Answered
Your Score History
You have not taken this quiz